000
00234 a2200097 4500
001
37370
100
_a
Kwatra Suresh K
245
_a
Top Impressive letters
260
_a
New Delhi
_b
Gaurar Publishers House
_c
090
_c
23841
_d
23841
942
_a
NUST-CAE
_c
M
_c
15382
999
_c
272443
_d
272443